Welcome to CU Library Online Public Access Catalogue (OPAC)

Motivate and reward / (Record no. 4371)

MARC details
000 -LEADER
fixed length control field 00886cam a22002414a 4500
001 - CONTROL NUMBER
control field 13015475
005 - DATE AND TIME OF LATEST TRANSACTION
control field 20250226154150.0
008 - FIXED-LENGTH DATA ELEMENTS--GENERAL INFORMATION
fixed length control field 021127s2003 enka b 001 0 eng
020 ## - INTERNATIONAL STANDARD BOOK NUMBER
International Standard Book Number 1403903786
041 1# - LANGUAGE CODE
Language code of text/sound track or separate title eng
Language code of original ger
050 00 - LIBRARY OF CONGRESS CALL NUMBER
Classification number HF5549.5.M63
Item number K7413 2003
082 00 - DEWEY DECIMAL CLASSIFICATION NUMBER
Classification number 658.3/14
Edition information 21
100 1# - MAIN ENTRY--PERSONAL NAME
Personal name Kressler, Herwig.
245 10 - TITLE STATEMENT
Title Motivate and reward /
Statement of responsibility, etc. Herwig W. Kressler ; translated by Simon Pearce.
260 ## - PUBLICATION, DISTRIBUTION, ETC.
Place of publication, distribution, etc. Houndmills, Basingstoke, Hampshire ;
-- New York :
Name of publisher, distributor, etc. Palgrave Macmillan,
Date of publication, distribution, etc. 2003.
300 ## - PHYSICAL DESCRIPTION
Extent xii, 164 p. :
Other physical details ill. ;
Dimensions 24 cm.
650 #0 - SUBJECT ADDED ENTRY--TOPICAL TERM
Topical term or geographic name entry element Employee motivation.
650 #0 - SUBJECT ADDED ENTRY--TOPICAL TERM
Topical term or geographic name entry element Performance
General subdivision Evaluation.
650 #0 - SUBJECT ADDED ENTRY--TOPICAL TERM
Topical term or geographic name entry element Incentive awards.
856 42 - ELECTRONIC LOCATION AND ACCESS
Materials specified Contributor biographical information
Uniform Resource Identifier <a href="http://www.loc.gov/catdir/bios/hol052/2002193096.html">http://www.loc.gov/catdir/bios/hol052/2002193096.html</a>
856 42 - ELECTRONIC LOCATION AND ACCESS
Materials specified Publisher description
Uniform Resource Identifier <a href="http://www.loc.gov/catdir/description/hol032/2002193096.html">http://www.loc.gov/catdir/description/hol032/2002193096.html</a>
942 ## - ADDED ENTRY ELEMENTS (KOHA)
Source of classification or shelving scheme Library of Congress Classification
Koha item type Books
Suppress in OPAC No
999 ## -
-- 4371
-- 4371
Holdings
Withdrawn status Lost status Source of classification or shelving scheme Damaged status Not for loan Collection Home library Current library Shelving location Date acquired Total checkouts Full call number Barcode Date last seen Copy number Price effective from Koha item type
    Library of Congress Classification     Non-fiction Undergraduate Library (Christ Temple) Undergraduate Library (Christ Temple) General stacks 02/26/2025   HF5549.5.M63 KRE ulct00001399 02/26/2025 1 02/26/2025 Books
© 2023-2024 Copyright: Central University Libraries. All Rights Reserved | Created by: Mahone Tech Office